000 00756nam a2200253Ia 4500
003 OSt
005 20220925201007.0
006 a|||||r|||| 00| 0
007 ta
008 220923b |||||||| |||| 00| 0 eng d
020 _c200.00
037 _b158, 09/09/1987, Atma ram
_cGeneral Book
040 _aRTL
_cRTL
_beng
041 _2eng
_aeng
082 _aX9(D2).2.N8, M7
100 _aSivanappan R N
_9259228
245 0 _aDrip irrigation
260 _aDelhi
_bKeerthi Publshing Hounse
_c1987
300 _axvi,428p
_ccm.
500 _aBibliography P 412-28; Appendix P 407-11
650 _aEngneering
_9232523
942 _hX9(D2).2.N8, M7
_cGB
_2CC
999 _c538613
_d538613